000 00330nam a22001457a 4500
008 230324b ||||| |||| 00| 0 eng d
020 _a9789951615426
041 _aSHQIP
080 _a721
082 _a721KRA
100 _a20
101 _aARKITEK
245 _aTERMOELEKTROCENTRALET E KOSOVES
_cKRASNIQI.F
942 _2udc
_cBK
999 _c59453
_d59453